00224nam a2200097Ia 4500008004100000100002100041245002100062260002600083260000900109300000800118170620s9999 xx 000 0 und d aSinha- Jadhunath 0aBhartiya Darshan bMotilal- banarashidas c2008 a334